Statistics for Every The J. Geils Band song that hit the Billboard hot 100

Click here to take the quiz!

General Stats

  • This quiz has been taken 5 times
  • The average score is 5 of 17

Answer Stats

Peak Chart PositionYearSong% Correct
11982Centerfold
100%
381980Love Stinks
60%
41982Freeze-frame
60%
301973Give It To Me
40%
401982Angel In Blue
40%
631984Concealed Weapons
20%
911985Fright Night
20%
781980Just Can't Wait
20%
681976Where Did Our Love Go
20%
671979Take It Back
20%
391972Looking For A Love
20%
601983Land Of A Thousand Dances
20%
351979One Last Kiss
20%
321980Come Back
20%
241983I Do
20%
121975Must Of Got Lost
20%
981973Make Up Your Mind
20%

Score Distribution

Percentile by Number Answered

Percent of People with Each Score

Your Score History

You have not taken this quiz